UM Logo

DepEd probes teacher suicides: (Record no. 13684)

MARC details
000 -LEADER
fixed length control field 00500nam a2200121 4500
008 - FIXED-LENGTH DATA ELEMENTS--GENERAL INFORMATION
fixed length control field 190401b ||||| |||| 00| 0 eng d
100 ## - MAIN ENTRY--PERSONAL NAME
9 (RLIN) 38066
Personal name Mateo, Janvic
245 ## - TITLE STATEMENT
Title DepEd probes teacher suicides:
Remainder of title The department of education (DepEd) will investigate recent cases of teacher suicides following allegations that these have been caused by heavy workload/
Statement of responsibility, etc. Janvic Mateo
260 ## - PUBLICATION, DISTRIBUTION, ETC. (IMPRINT)
Place of publication, distribution, etc. Philippines:
Name of publisher, distributor, etc. The Philippine Star;
Date of publication, distribution, etc. c2018.
300 ## - PHYSICAL DESCRIPTION
Extent page 8.
650 #0 - SUBJECT ADDED ENTRY--TOPICAL TERM
9 (RLIN) 38067
Topical term or geographic name as entry element Death.
942 ## - ADDED ENTRY ELEMENTS (KOHA)
Source of classification or shelving scheme Dewey Decimal Classification
Koha item type Periodicals
Holdings
Withdrawn status Lost status Source of classification or shelving scheme Damaged status Not for loan Collection code Home library Current library Date acquired Total Checkouts Date last seen Price effective from Koha item type Public note
    Dewey Decimal Classification     Periodicals UM Digos College - LIC UM Digos College - LIC 04/01/2019   04/01/2019 04/01/2019 Periodicals Newspaper Clippings